Détente; Cold War Strategies in Transition/ (Record no. 13336)
[ view plain ]
| 000 -LEADER | |
|---|---|
| fixed length control field | 00899nam a22001697a 4500 |
| 008 - FIXED-LENGTH DATA ELEMENTS--GENERAL INFORMATION | |
| fixed length control field | 100210s1965 nyu|||||r|||| 001 0 eng d |
| 082 ## - DEWEY DECIMAL CLASSIFICATION NUMBER | |
| Edition number | 22 |
| Classification number | 327.73047 |
| Item number | DET |
| 245 ## - TITLE STATEMENT | |
| Title | Détente; Cold War Strategies in Transition/ |
| Statement of responsibility, etc | Edited by Eleanor Lansing Dulles and Robert Dickson Crane, with the assistance of Mary Catherine McCarthy. Pref. by Arleigh Burke. Foreword by Robert Murphy. |
| 260 ## - PUBLICATION, DISTRIBUTION, ETC. (IMPRINT) | |
| Place of publication, distribution, etc | New York: |
| Name of publisher, distributor, etc | F.A. Praeger, 1965 |
| Date of publication, distribution, etc | 1965 |
| 300 ## - PHYSICAL DESCRIPTION | |
| Extent | x, 307 p. ; |
| Dimensions | 22 cm. |
| 500 ## - GENERAL NOTE | |
| General note | Donated by: Alaa Abdel Ghany |
| 651 ## - SUBJECT ADDED ENTRY--GEOGRAPHIC NAME | |
| 9 (RLIN) | 10519 |
| Geographic name | United States |
| General subdivision | --Foreign relations |
| Geographic subdivision | --Soviet Union |
| 651 ## - SUBJECT ADDED ENTRY--GEOGRAPHIC NAME | |
| 9 (RLIN) | 10461 |
| Geographic name | Soviet Union |
| General subdivision | Relations |
| Geographic subdivision | United States. |
| 700 ## - ADDED ENTRY--PERSONAL NAME | |
| 9 (RLIN) | 11165 |
| Personal name | Dulles, Eleanor Lansing |
| 942 ## - ADDED ENTRY ELEMENTS (KOHA) | |
| Source of classification or shelving scheme | Dewey Decimal Classification |
| Item type | Book - Borrowing |
| Withdrawn status | Item status | Source of classification or shelving scheme | Damaged status | Not for loan | Vendor | Home library | Current library | Shelving location | Date acquired | Source of acquisition | Total Checkouts | Total Renewals | Full call number | Barcode | Date last seen | Date last borrowed | Koha item type |
|---|---|---|---|---|---|---|---|---|---|---|---|---|---|---|---|---|---|
| Dewey Decimal Classification | Central Library | Central Library | First floor | 10/02/2010 | Donation | 2 | 7 | 327.73047 DET | 000019660 | 15/07/2025 | 13/03/2013 | Book - Borrowing |